NBA Top 30 Greatest Small Forwards of All Time - Statistics

General Stats
  • This quiz has been taken 157 times
  • The average score is 14 of 30
Answer Stats
Hint Answer % Correct
1 LeBron James
98%
3 Kevin Durant
90%
2 Larry Bird
90%
6 Scottie Pippen
83%
10 Kawhi Leonard
77%
4 Julius Erving
70%
16 Carmelo Anthony
65%
11 Paul Pierce
65%
8 Elgin Baylor
60%
23 Paul George
60%
13 James Worthy
59%
5 John Havlicek
59%
12 Dominique Wilkins
53%
14 Alex English
52%
7 Rick Barry
48%
30 Jimmy Butler
45%
29 Marques Johnson
44%
20 Adrian Dantley
40%
17 Grant Hill
39%
15 Chris Mullin
38%
25 Bernard King
36%
18 Billy Cunningham
24%
9 Paul Arizin
24%
26 Mark Aguirre
22%
19 Dave DeBusschere
14%
24 Kiki Vandeweghe
14%
21 Jack Twyman
10%
22 George Yardley
8%
28 Cliff Hagan
7%
27 Tom Gola
2%
No matching quizzes found
Score Distribution
Percent of People with Each Score
Percentile by Number Answered
Your Score History
You have not taken this quiz